<?xml version="1.0" encoding="UTF-8"?><?xml-stylesheet type="text/xsl" href="static/style.xsl"?><OAI-PMH xmlns="http://www.openarchives.org/OAI/2.0/" xmlns:xsi="http://www.w3.org/2001/XMLSchema-instance" xsi:schemaLocation="http://www.openarchives.org/OAI/2.0/ http://www.openarchives.org/OAI/2.0/OAI-PMH.xsd"><responseDate>2026-04-27T21:23:24Z</responseDate><request verb="GetRecord" identifier="oai:uvadoc.uva.es:10324/76193" metadataPrefix="marc">https://uvadoc.uva.es/oai/request</request><GetRecord><record><header><identifier>oai:uvadoc.uva.es:10324/76193</identifier><datestamp>2025-07-07T07:57:47Z</datestamp><setSpec>com_10324_1164</setSpec><setSpec>com_10324_931</setSpec><setSpec>com_10324_894</setSpec><setSpec>col_10324_1330</setSpec></header><metadata><record xmlns="http://www.loc.gov/MARC21/slim" xmlns:doc="http://www.lyncode.com/xoai" xmlns:xsi="http://www.w3.org/2001/XMLSchema-instance" xmlns:dcterms="http://purl.org/dc/terms/" xsi:schemaLocation="http://www.loc.gov/MARC21/slim http://www.loc.gov/standards/marcxml/schema/MARC21slim.xsd">
<leader>00925njm 22002777a 4500</leader>
<datafield tag="042" ind1=" " ind2=" ">
<subfield code="a">dc</subfield>
</datafield>
<datafield tag="720" ind1=" " ind2=" ">
<subfield code="a">Díaz Monsalvo, Miguel Ángel</subfield>
<subfield code="e">author</subfield>
</datafield>
<datafield tag="720" ind1=" " ind2=" ">
<subfield code="a">López Vidales, Nereida</subfield>
<subfield code="e">author</subfield>
</datafield>
<datafield tag="260" ind1=" " ind2=" ">
<subfield code="c">2025</subfield>
</datafield>
<datafield tag="520" ind1=" " ind2=" ">
<subfield code="a">Esta investigación analiza las estrategias de programación de las televisiones generalistas españolas entre 2014 y 2024 vinculadas a las incorporaciones de presentadores de otras cadenas y al&#xd;
movimiento interno de profesionales en sus parrillas para atraer o fidelizar audiencia. El medio televisivo es hoy un oligopolio que ha perdido protagonismo con la irrupción de plataformas de vídeo bajo demanda, más atractivas para los jóvenes, y ha provocado un aumento en la fragmentación de audiencias. Los resultados del estudio muestran la escasa proactividad de las televisiones generalistas para captar nuevos targets mientras sus estrategias se centran en fidelizar audiencia mediante formatos consolidados o arrastrar seguidores de la competencia fichando referentes mediáticos veteranos.</subfield>
</datafield>
<datafield tag="024" ind2=" " ind1="8">
<subfield code="a">Díaz Monsalvo, M. Á.; López Vidales, N. y Gómez Rubio, L. (2025). Estrategias de programación en televisión. Análisis del impacto de los referentes mediáticos en la fidelización de audiencias. Historia y Comunicación Social 30(1), 221-231.</subfield>
</datafield>
<datafield tag="024" ind2=" " ind1="8">
<subfield code="a">e-ISSN: 1988-3056</subfield>
</datafield>
<datafield tag="024" ind2=" " ind1="8">
<subfield code="a">https://uvadoc.uva.es/handle/10324/76193</subfield>
</datafield>
<datafield tag="024" ind2=" " ind1="8">
<subfield code="a">10.5209/hics.96690</subfield>
</datafield>
<datafield tag="024" ind2=" " ind1="8">
<subfield code="a">221</subfield>
</datafield>
<datafield tag="024" ind2=" " ind1="8">
<subfield code="a">30</subfield>
</datafield>
<datafield tag="024" ind2=" " ind1="8">
<subfield code="a">231</subfield>
</datafield>
<datafield tag="024" ind2=" " ind1="8">
<subfield code="a">Estrategias de programación en televisión. Análisis del impacto de los referentes mediáticos en la fidelización de audiencias</subfield>
</datafield>
<datafield tag="024" ind2=" " ind1="8">
<subfield code="a">1</subfield>
</datafield>
<datafield ind1=" " ind2=" " tag="653">
<subfield code="a">periodismo, comunicación, medios de comunicación, información, sociología de los medios, cambio social</subfield>
</datafield>
<datafield tag="245" ind1="0" ind2="0">
<subfield code="a">Estrategias de programación en televisión. Análisis del impacto de los referentes mediáticos en la fidelización de audiencias</subfield>
</datafield>
</record></metadata></record></GetRecord></OAI-PMH>